Reagujete ad: Nová slovenská hudba 2008, HŽ 3/2008 [t.j.] 2009

Bibliographic Details
Main Author: Hatrík, Juraj, 1941-2021 (Author)
Format: Article
Language:Slovak
ISSN:1335-4140
Subjects:

MARC

LEADER 00000nab a2200000 a 4500
001 vtls009519705
003 SK-MaSNL
005 20260304151201.0
008 250506c2009 xo zr|p|||||||000 b|slo
015 |a SNBRB2009/06  |2 snkbucl 
035 |a (uuid)9662054c-533e-4c2d-8a1f-c68bccd2728f 
035 |a urn:nbn:sk:snk-ab21xj 
035 |a (urnnbn)urn:nbn:sk:snk:ar-a01fae 
038 |a SNKBUCL 
040 |a SNKBUCL  |b slo  |c SNKBUCL  |e AACR2 
041 0 |a slo 
044 |a xo  |c SK 
080 |a 78.079  |2 2001 
100 1 |a Hatrík, Juraj,  |d 1941-2021  |4 aut  |9 212361 
245 1 0 |a Reagujete  |b ad: Nová slovenská hudba 2008, HŽ 3/2008 [t.j.] 2009  |c Juraj Hatrík 
611 2 7 |a Nová slovenská hudba  |n (24. :  |d 2008 :  |c Bratislava, Slovensko)  |2 snkbucl  |9 1472469 
655 7 |a reakcie  |2 snkbucl  |9 1060132 
773 0 |t Hudobný život  |g Roč. XLI, č. 4 (2009), s. 4-5  |x 1335-4140 
850 |a Slovenská národná knižnica 
852 |a Slovenská národná knižnica 
954 |a odborná, vedecká literatúra pôvodná (slovenská)  |2 lita 
958 |a article27 
958 |a OND 
958 |a SK 
958 |a EUIPO 
999 |c 2941997  |d 2943927